| 000 -LEADER |
| fixed length control field |
02343cam a2200409 a 4500 |
| 001 - CONTROL NUMBER |
| control field |
14527354 |
| 005 - DATE AND TIME OF LATEST TRANSACTION |
| control field |
20170105102839.0 |
| 008 - FIXED-LENGTH DATA ELEMENTS--GENERAL INFORMATION |
| fixed length control field |
060830s2007 enk b 001 0 eng |
| 010 ## - LIBRARY OF CONGRESS CONTROL NUMBER |
| LC control number |
2006028990 |
| 015 ## - NATIONAL BIBLIOGRAPHY NUMBER |
| National bibliography number |
GBA655625 |
| Source |
bnb |
| 016 7# - NATIONAL BIBLIOGRAPHIC AGENCY CONTROL NUMBER |
| Record control number |
013494690 |
| Source |
Uk |
| 020 ## - INTERNATIONAL STANDARD BOOK NUMBER |
| International Standard Book Number |
9780415400251 (hardback) |
| 020 ## - INTERNATIONAL STANDARD BOOK NUMBER |
| International Standard Book Number |
0415400252 (hardback) |
| 020 ## - INTERNATIONAL STANDARD BOOK NUMBER |
| International Standard Book Number |
9780203964224 (ebook) |
| 020 ## - INTERNATIONAL STANDARD BOOK NUMBER |
| International Standard Book Number |
0203964225 (ebook) |
| 035 ## - SYSTEM CONTROL NUMBER |
| System control number |
(OCoLC)ocm71241968 |
| 040 ## - CATALOGING SOURCE |
| Original cataloging agency |
DLC |
| Transcribing agency |
DLC |
| Modifying agency |
BAKER |
| -- |
YDXCP |
| -- |
BTCTA |
| -- |
C#P |
| -- |
UKM |
| -- |
OCLCA |
| -- |
DLC |
| 043 ## - GEOGRAPHIC AREA CODE |
| Geographic area code |
aw----- |
| -- |
ff----- |
| -- |
e-sp--- |
| 050 00 - LIBRARY OF CONGRESS CALL NUMBER |
| Classification number |
DS38.2 |
| Item number |
.T325173 2007 |
| 082 00 - DEWEY DECIMAL CLASSIFICATION NUMBER |
| Classification number |
907.2 |
| Edition number |
22 |
| 082 00 - DEWEY DECIMAL CLASSIFICATION NUMBER |
| Classification number |
909.097670072 |
| Edition number |
22 |
| 100 1# - MAIN ENTRY--PERSONAL NAME |
| Personal name |
Peacock, A. C. S. |
| Fuller form of name |
(Andrew C. S.) |
| 245 10 - TITLE STATEMENT |
| Title |
Mediaeval Islamic historiography and political legitimacy : |
| Remainder of title |
Balʻamī's Tārīkhnāma / |
| Statement of responsibility, etc. |
A.C.S Peacock. |
| 260 ## - PUBLICATION, DISTRIBUTION, ETC. |
| Place of publication, distribution, etc. |
London ; |
| -- |
New York : |
| Name of publisher, distributor, etc. |
Routledge, |
| Date of publication, distribution, etc. |
2007. |
| 300 ## - PHYSICAL DESCRIPTION |
| Extent |
xiii, 210 p. ; |
| Dimensions |
25 cm. |
| 440 #0 - SERIES STATEMENT/ADDED ENTRY--TITLE |
| Title |
Routledge studies in the history of Iran and Turkey |
| 504 ## - BIBLIOGRAPHY, ETC. NOTE |
| Bibliography, etc. note |
Includes bibliographical references (p. [189]-202) and indexes. |
| 505 0# - FORMATTED CONTENTS NOTE |
| Formatted contents note |
Preface -- Acknowledgements -- Abbreviations -- Introduction -- Politics, religion and culture in the late Sāmānid state -- The transmission of the Tārīkhnāma's text -- Balʻamī's reshaping of Ṭabarī's history -- The contents and purpose of Balʻamī's alterations to Ṭabarī's History -- The Tārīkhnāma after Balʻamī -- General conclusions -- Comparison of postulated redactions of the Tārīkhnāma -- Comparison of the Arabic translation of the Tārīkhnāma and the Persian text -- Addenda and corrigenda to Daniel's "An annotated inventory of Balʻamī's manuscripts" -- Bibliography -- Subject index -- Manuscript index. |
| 600 10 - SUBJECT ADDED ENTRY--PERSONAL NAME |
| Personal name |
Balʻamī, Abū ʻAlī Muḥammad ibn Muḥammad, |
| Dates associated with a name |
active 946-973. |
| Title of a work |
Tārīkhnāmah-ʼi Ṭabarī. |
| 600 00 - SUBJECT ADDED ENTRY--PERSONAL NAME |
| Personal name |
Ṭabarī, |
| Dates associated with a name |
838?-923. |
| Title of a work |
Tārīkh al-rusul wa-al-mulūk. |
| 651 #0 - SUBJECT ADDED ENTRY--GEOGRAPHIC NAME |
| Geographic name |
Islamic Empire |
| General subdivision |
History |
| -- |
Historiography. |
| 856 41 - ELECTRONIC LOCATION AND ACCESS |
| Materials specified |
Table of contents only |
| Uniform Resource Identifier |
<a href="http://www.loc.gov/catdir/toc/ecip0620/2006028990.html">http://www.loc.gov/catdir/toc/ecip0620/2006028990.html</a> |
| 856 42 - ELECTRONIC LOCATION AND ACCESS |
| Materials specified |
Publisher description |
| Uniform Resource Identifier |
<a href="http://www.loc.gov/catdir/enhancements/fy0731/2006028990-d.html">http://www.loc.gov/catdir/enhancements/fy0731/2006028990-d.html</a> |
| 906 ## - LOCAL DATA ELEMENT F, LDF (RLIN) |
| a |
7 |
| b |
cbc |
| c |
orignew |
| d |
1 |
| e |
ecip |
| f |
20 |
| g |
y-gencatlg |
| 942 ## - ADDED ENTRY ELEMENTS (KOHA) |
| Source of classification or shelving scheme |
|
| Koha item type |
Book |